01016nam a2200289 a 4500008004100000020002200041049000900063090001500072100002300087245009500110260004700205300006700252440004100319500002000360504004300380650001600423650001700439650001300456700001800469907003500487003000100522005001700523040000900540942002200549999001900571952013600590  a0395240808 (hbk.) aMAIN aQC863bSCH1 aSchaefer, Vincent.10aA field guide to the atmospherebtext and photographs/cVincent J.Schaeferand John A. Day. aBoston ;bHoughton Mifflin Company,c1981. axx, 359 p., [8] leaves of plates :bill. (some col.) ;c20 cm. aThe Peterson field guide series; 26. aIncludes index. aIncludes bibliographical references.  1aAtmosphere. aMetereology. aWeather. aDay, John A. a.b10310034b11-02-13c02-03-1220230123125416.0 cNUST cBOOKSkQC863mSCH c141000d141000 r2023-01-23 00:00:00l0oQC863 SCHp92003025158v80.00w2023-01-23yBOOKS102LCC40708NFIC00aMAINbMAINcGENd2023-01-23g80.00